Žiť a nasledovať Krista Posolstvo Svätého Otca Jána Pavla II. ku dňu modlitieb za duchovné povolania

Bibliographic Details
Main Author: Ján Pavol II., pápež, 1920-2005 (Author)
Format: Article
Language:Slovak
PhysicalDescription:Obr. 1.
Subjects:

MARC

LEADER 00000nab a2200000 a 4500
001 vtls000380684
003 SK-MaSNL
005 20260303194749.0
008 111202c1990 xo 0 slo
015 |a SNBRB19rr/mm-uuuuu 
035 |a CL0380806 
040 |a SNKBUCL  |b slo  |c SNKBUCL  |e AACR2 
041 0 |a slo 
044 |a xo  |c SK 
080 |a 262.1:282  |2 1981 
080 |a 282  |2 1981 
080 |a 929 Ján Pavol II.  |2 1981 
100 0 |a Ján Pavol  |b II.,  |c pápež,  |d 1920-2005  |4 aut  |9 106999 
245 1 0 |a Žiť a nasledovať Krista  |b Posolstvo Svätého Otca Jána Pavla II. ku dňu modlitieb za duchovné povolania  |c Ján Pavol II. 
300 |b Obr. 1. 
600 0 7 |a Ján Pavol  |b II.,  |c pápež,  |d 1920-2005  |2 snkbucl  |9 106999 
650 0 7 |a duchovné povolania  |2 snkbucl  |9 67690 
655 7 |a posolstvá  |2 snkbucl  |9 493402 
655 7 |a články z novín a časopisov  |2 snkbucl  |9 267496 
773 0 |t Katolícke noviny  |g Roč. 141, č. 18 (1990), s. 1, 3 
850 |a Slovenská národná knižnica v Martine  |a MTA001 
852 |a SNK  |b KIS3GCP 
958 |a RK 
992 |a RBX 
999 |c 2159409  |d 2161339